| 000 | 00414pab a2200157 454500 | ||
|---|---|---|---|
| 008 | 180718b2000 xxu||||| |||| 00| 0 eng d | ||
| 100 | _aBeckman, Sara L. | ||
| 245 | _aThe business of health care concerns us all: an introduction | ||
| 260 | _c2000 | ||
| 300 | _ap.9-12 | ||
| 362 | _aFall | ||
| 650 | _aHealth services | ||
| 700 | _aKalz, Michael L. | ||
| 773 | _aCalifornia Management Review | ||
| 909 | _a47592 | ||
| 999 |
_c47592 _d47592 |
||